| 000 | 02316nam a2200253Ia 4500 | ||
|---|---|---|---|
| 003 | Ost | ||
| 005 | 20260507075302.0 | ||
| 008 | 260507s9999||||xx |||||||||||||| ||und|| | ||
| 020 | _a30768299579 | ||
| 040 | _cfsecg | ||
| 041 | _aara | ||
| 082 | _a330 | ||
| 100 |
_aالطراونة، عمر طلعت _eمؤلف |
||
| 245 | 0 |
_a المستشار في إدارة الشراء و التجارة الدولية : _bعقود الشراء ، التفاوض مع الموردين ، الشحن ، العطاءات ، العقود الالكترونية / _c عمر طلعت الطراونة |
|
| 260 |
_aعمان: _bدار البداية, _c2012 |
||
| 300 |
_a242 صفحة؛ _bإيضاحات ؛ _c24 سم |
||
| 490 | _aسلسلة المستشار | ||
| 520 | _aأهداف ادارة المشتريات و العطاءات و اللوازم ، طرق الشراء و اجراءات تنفيذ العطاءات ، شروط أمر الشراء و الشروط العام للدخول في العطاءات ، دراسة و تقييم العروض ، احالة العطاءات و مسؤوليات المورد اتجاه المؤسسة ، التعامل مع العينات و طرق الدفع المتبعة لدى ادارة المشتريات ، الاعتمادات المستندية و دورها في الشراء الدولي ، تعريف الاعتماد المستندي و ادارة التلخيص و التخزين الجمركي للمواد معلقة الرسوم و تجارةالترانزيت و التجارة الدولية ، التعبيرات الشائعة في الرأس و في الوجه و الجسد ، مهارات التفاوض لدى موظفي ادارة المشتريات ، تصنيفات الاستراتيجيات التفاوضية وفقا للتوقيت و الطريقة و المكان ، تصنيفات استراتيجيات التفاوض وفقا لسلوك المفاوضين ، ادارة التفاوض و الشروط العامة للدخول في العطاءات و التعاقد مع المتعهدين و ابرام العقد الالكتروني. | ||
| 653 | _aالادارة | ||
| 653 | _aالتجارة الخارجية | ||
| 653 | _aالتجارة الخارجية ــ ادارة | ||
| 653 | _aالشراء ــ ادارة | ||
| 942 | _cكتاب | ||
| 999 |
_c43796 _d43796 |
||